000 00330nam a2200109Ia 4500
008 220204s9999 xx 000 0 und d
082 _a633(540)
_bSAM
100 _aSambasiva Rao
245 0 _aCrop husbandry in South India with special reference to Andhra Pradesh
260 _aAndhra Pradesh
_bSreelakshmi press
_c1964
942 _cBK
999 _c21855
_d21855